000 00263nam a2200097Ia 4500
008 231107s1993 xx 000 0 und d
041 _aeng
100 _aJagatrao Sonawane
245 _aPrashaskiy Karmachari Margdarshak
260 _aDhule
_bSonadipa Pub. Dhule
_c1993
999 _c921492
_d921492